All 10k+ Cities in the Nordics - Statistics

General Stats
  • This quiz has been taken 611 times
  • The average score is 65 of 305
Answers on the Map
Answers color-coded by a green-red scale on the quiz's map according to % correct below.
 
Answer Stats
Country Population Answer % Correct
Iceland 135,714 Reykjavík
89%
Norway 1,098,061 Oslo
88%
Finland 1,375,555 Helsinki
84%
Norway 272,125 Bergen
83%
Sweden 1,809,412 Stockholm
81%
Denmark 1,378,649 Copenhagen
76%
Sweden 725,729 Gothenburg
76%
Sweden 339,316 Malmö
75%
Norway 198,777 Trondheim
75%
Denmark/Greenland 19,872 Nuuk
70%
Finland 215,543 Oulu
70%
Finland 292,181 Turku
69%
Norway 239,055 Stavanger
68%
Finland 362,128 Tampere
68%
Denmark 120,700 Aalborg
65%
Denmark 295,688 Aarhus
65%
Denmark 183,763 Odense
65%
Norway 42,782 Tromsø
65%
Sweden 178,098 Uppsala
60%
Norway 67,372 Kristiansand
59%
Sweden 94,243 Umeå
59%
Sweden 116,029 Helsingborg
56%
Norway 43,322 Bodø
55%
Denmark/Faroe Islands 14,099 Tórshavn
54%
Sweden 104,211 Jönköping
53%
Sweden 98,308 Lund
53%
Iceland 19,542 Akureyri
50%
Norway 124,540 Drammen
49%
Sweden 120,109 Linköping
49%
Sweden 98,229 Norrköping
49%
Sweden 26,305 Visby
49%
Finland 120,334 Lahti
46%
Norway 14,183 Narvik
46%
Finland 55,635 Rovaniemi
46%
Finland 134,804 Jyväskylä
45%
Sweden 43,462 Kalmar
45%
Sweden 17,284 Kiruna
45%
Sweden 129,116 Örebro
45%
Finland 70,203 Vaasa
45%
Finland 96,796 Kuopio
44%
Sweden 49,646 Luleå
44%
Norway 21,468 Lillehammer
43%
Finland 83,031 Pori
43%
Norway 55,684 Ålesund
40%
Sweden 131,643 Västerås
39%
Denmark 71,505 Esbjerg
38%
Sweden 72,759 Karlstad
36%
Norway 18,755 Mo i Rana
36%
Sweden 41,198 Kristianstad
35%
Norway 16,269 Alta
34%
Sweden 88,274 Gävle
33%
Denmark 64,158 Randers
33%
Norway 121,679 Fredrikstad
31%
Sweden 36,423 Karlskrona
31%
Sweden 55,493 Östersund
31%
Norway 11,257 Ås
30%
Finland 74,508 Joensuu
30%
Finland 48,835 Kotka
30%
Denmark 52,974 Roskilde
30%
Sweden 83,060 Borås
29%
Norway 30,030 Hamar
29%
Finland 36,807 Mikkeli
29%
Sweden 39,146 Skellefteå
29%
Sweden 78,377 Södertälje
29%
Denmark 61,706 Vejle
29%
Sweden 21,259 Ystad
29%
Denmark 47,945 Helsingør
28%
Denmark 62,444 Kolding
28%
Iceland 39,261 Kópavogur
28%
Norway 18,337 Kristiansund
28%
Norway 22,548 Ski
28%
Sweden 74,052 Växjö
28%
Sweden 41,126 Falun
26%
Finland 52,063 Hämeenlinna
26%
Denmark 51,312 Herning
26%
Denmark 63,903 Horsens
26%
Norway 22,410 Molde
26%
Sweden 39,770 Nyköping
26%
Sweden 23,824 Piteå
26%
Denmark 13,759 Rønne
26%
Finland 53,804 Seinäjoki
26%
Sweden 70,918 Sundsvall
26%
Finland 16,317 Tornio
26%
Finland 46,023 Kouvola
25%
Finland 15,180 Mariehamn
25%
Finland 40,007 Porvoo
25%
Sweden 76,262 Eskilstuna
24%
Iceland 30,616 Hafnarfjörður
24%
Finland 24,568 Kemi
24%
Finland 56,949 Lappeenranta
24%
Norway 46,926 Sandefjord
24%
Norway 96,695 Skien
24%
Norway 55,939 Tønsberg
24%
Denmark 22,838 Frederikshavn
23%
Sweden 72,979 Halmstad
23%
Finland 37,591 Kokkola
23%
Sweden 23,606 Norrtälje
23%
Finland 33,225 Rauma
23%
Finland 28,630 Salo
23%
Denmark 51,805 Silkeborg
23%
Sweden 31,366 Trelleborg
23%
Sweden 50,069 Trollhättan
23%
Norway 45,332 Arendal
21%
Sweden 44,299 Borlänge
21%
Denmark 42,305 Viborg
21%
Sweden 29,671 Falkenberg
20%
Sweden 12,385 Gällivare
20%
Norway 47,020 Haugesund
20%
Finland 29,538 Kajaani
20%
Norway 27,487 Larvik
20%
Sweden 18,457 Boden
19%
Denmark 41,544 Fredericia
19%
Finland 20,930 Jakobstad
19%
Sweden 38,575 Varberg
19%
Sweden 21,615 Västervik
19%
Norway 26,255 Halden
18%
Denmark 36,227 Hillerød
18%
Sweden 19,966 Karlshamn
18%
Denmark 38,647 Køge
18%
Sweden 18,605 Köping
18%
Denmark 16,636 Nykøbing
18%
Sweden 40,422 Skövde
18%
Denmark 28,277 Sønderborg
18%
Sweden 35,639 Uddevalla
18%
Norway 15,869 Elverum
16%
Norway 28,801 Gjøvik
16%
Denmark 25,951 Hjørring
16%
Sweden 16,792 Hudiksvall
16%
Sweden 33,859 Landskrona
16%
Sweden 28,113 Lidköping
16%
Iceland 13,024 Mosfellsbær
16%
Norway 50,214 Moss
16%
Sweden 33,399 Örnsköldsvik
16%
Finland 20,160 Savonlinna
16%
Denmark 16,505 Aabenraa
15%
Sweden 31,089 Ängelholm
15%
Sweden 26,353 Enköping
15%
Iceland 16,544 Garðabær
15%
Sweden 18,236 Härnösand
15%
Norway 21,458 Harstad
15%
Finland 43,817 Hyvinkää
15%
Finland 25,718 Imatra
15%
Norway 23,569 Kongsberg
15%
Norway 10,813 Levanger
15%
Denmark 16,528 Middelfart
15%
Sweden 12,830 Mora
15%
Sweden 31,367 Motala
15%
Denmark 17,902 Nyborg
15%
Finland 18,397 Raahe
15%
Sweden 25,035 Sandviken
15%
Sweden 12,038 Söderhamn
15%
Norway 13,060 Steinkjer
15%
Sweden 20,273 Värnamo
15%
Norway 13,312 Bryne
14%
Sweden 20,422 Eslöv
14%
Sweden 17,924 Falköping
14%
Norway 14,734 Grimstad
14%
Denmark 22,277 Haderslev
14%
Finland 15,058 Hamina
14%
Denmark 37,220 Holstebro
14%
Finland 14,719 Iisalmi
14%
Sweden 27,686 Karlskoga
14%
Finland 32,892 Lohja
14%
Sweden 14,282 Mjölby
14%
Denmark 45,099 Næstved
14%
Sweden 18,639 Nässjö
14%
Finland 27,479 Riihimäki
14%
Denmark 24,142 Ringsted
14%
Denmark 27,521 Svendborg
14%
Denmark 13,522 Thisted
14%
Finland 18,074 Varkaus
14%
Sweden 38,329 Åkersberga
13%
Sweden 13,918 Bollnäs
13%
Denmark 20,426 Farum
13%
Denmark 30,503 Holbæk
13%
Finland 13,076 Ilmajoki
13%
Sweden 23,953 Katrineholm
13%
Sweden 28,912 Kungälv
13%
Sweden 16,750 Mariestad
13%
Sweden 13,584 Nybro
13%
Sweden 18,817 Oskarshamn
13%
Sweden 11,718 Oxelösund
13%
Finland 12,419 Pieksämäki
13%
Sweden 12,636 Ronneby
13%
Finland 11,349 Siilinjärvi
13%
Denmark 20,116 Skanderborg
13%
Sweden 11,475 Skara
13%
Denmark 20,166 Skive
13%
Denmark 35,044 Slagelse
13%
Finland 16,765 Valkeakoski
13%
Sweden 33,918 Vallentuna
13%
Finland 12,616 Ylivieska
13%
Sweden 10,877 Åhus
11%
Sweden 27,895 Alingsås
11%
Sweden 14,186 Arvika
11%
Sweden 16,205 Bålsta
11%
Denmark 20,921 Birkerød
11%
Denmark 12,842 Brønderslev
11%
Sweden 11,077 Eksjö
11%
Finland 20,456 Forssa
11%
Sweden 19,760 Hässleholm
11%
Finland 13,682 Heinola
11%
Denmark 12,217 Hobro
11%
Norway 17,084 Hønefoss
11%
Denmark 47,839 Hørsholm
11%
Norway 21,114 Horten
11%
Norway 24,547 Jessheim
11%
Finland 20,514 Kirkkonummi
11%
Norway 12,443 Kongsvinger
11%
Denmark 14,342 Korsør
11%
Finland 10,802 Lapua
11%
Sweden 28,789 Lerum
11%
Sweden 44,642 Lidingö
11%
Sweden 16,076 Ljungby
11%
Norway 11,477 Mandal
11%
Sweden 30,576 Märsta
11%
Sweden 16,447 Nynäshamn
11%
Sweden 14,611 Tranås
11%
Denmark 14,053 Varde
11%
Denmark 10,361 Vejen
11%
Sweden 11,053 Älmhult
10%
Norway 15,368 Askim
10%
Sweden 11,595 Bjuv
10%
Norway 13,774 Drøbak
10%
Norway 11,788 Egersund
10%
Sweden 12,270 Ekerö
10%
Norway 10,697 Førde
10%
Sweden 14,004 Höör
10%
Denmark 16,535 Ikast
10%
Finland 11,774 Jämsä
10%
Denmark 16,558 Kalundborg
10%
Denmark 16,801 Lillerød
10%
Finland 11,887 Mäntsälä
10%
Norway 10,059 Mosjøen
10%
Denmark 12,445 Nakskov
10%
Sweden 13,702 Sala
10%
Sweden 10,407 Sigtuna
10%
Denmark 37,231 Taastrup
10%
Sweden 25,105 Vänersborg
10%
Sweden 10,906 Arboga
9%
Sweden 16,055 Avesta
9%
Denmark 17,244 Frederikssund
9%
Denmark 12,864 Frederiksværk
9%
Sweden 10,029 Gislaved
9%
Denmark 14,096 Grenaa
9%
Sweden 25,034 Gustavsberg
9%
Sweden 11,652 Hallstahammar
9%
Sweden 15,507 Kinna
9%
Sweden 18,358 Kristinehamn
9%
Sweden 17,889 Kumla
9%
Sweden 13,699 Lomma
9%
Sweden 15,675 Ludvika
9%
Denmark 24,281 Nørresundby
9%
Finland 14,536 Nummela
9%
Norway 11,187 Søgne
9%
Sweden 14,636 Stenungsund
9%
Denmark 10,000 Struer
9%
Sweden 13,433 Svedala
9%
Sweden 11,794 Ulricehamn
9%
Denmark 13,248 Værløse
9%
Norway 13,968 Vennesla
9%
Norway 12,003 Ålgård
8%
Norway 24,447 Askøy
8%
Sweden 10,952 Åstorp
8%
Sweden 11,771 Fagersta
8%
Sweden 13,186 Finspång
8%
Denmark 12,488 Haslev
8%
Denmark 13,034 Hedensted
8%
Norway 11,860 Kopervik
8%
Sweden 25,172 Mölnlycke
8%
Finland 11,569 Nastola
8%
Denmark 13,274 Odder
8%
Norway 14,943 Osøyro
8%
Sweden 14,040 Oxie
8%
Sweden 14,610 Skoghall
8%
Sweden 17,838 Staffanstorp
8%
Sweden 15,369 Strängnäs
8%
Sweden 13,895 Vetlanda
8%
Denmark 12,397 Vordingborg
8%
Denmark 12,337 Dragør
6%
Sweden 16,274 Höganäs
6%
Sweden 15,669 Höllviken
6%
Sweden 10,453 Kävlinge
6%
Sweden 16,899 Kungsängen
6%
Norway 14,720 Leirvik
6%
Sweden 11,658 Nödinge-Nol
6%
Finland 10,328 Söderkulla
6%
Denmark 17,945 Solrød Strand
6%
Norway 18,291 Tromsdalen
6%
Sweden 46,893 Tumba
6%
Sweden 31,941 Västerhaninge
6%
Norway 11,337 Brumunddal
5%
Sweden 15,488 Bunkeflostrand
5%
Denmark 16,049 Hedehusene
5%
Denmark 21,627 Smørumnedre
5%
Iceland 21,847 Keflavík og Njarðvík
4%
Denmark 10,259 Lystrup
4%
Sweden 12,486 Onsala
4%
Norway 15,746 Råholt
4%
Norway 15,693 Stjørdalshalsen
4%
Denmark 10,781 Jyllinge
3%
Norway 19,589 Korsvik
3%
Norway 12,353 Knarrevik
1%
Norway 13,392 Nesoddtangen
1%
Denmark 23,344 Ølstykke-Stenløse
1%
No matching quizzes found
Score Distribution
Percent of People with Each Score
Percentile by Number Answered
Your Score History
You have not taken this quiz